00365nam a2200133Ia 4500008004100000041000800041100006000049245006000109250000800169260001700177300000800194542001500202650001400217220531s9999 xx 000 0 und d amar aगजेंद्रग्‍ड व्‍ह. एन. aभारतीय समाजशास्‍त्र a1ST bPhadkec1993 a271 d29-06-1995 aSociology